00331pab a2200133 454500008004000000100002300040245001500063260000900078300000900087362001100096650004200107650002800149773002000177180718b2001 xxu||||| |||| 00| 0 eng d aChakrabarti, Ashis aRebet yell c2001 ap.12 a15 Mar aWest Bengal - Politics and government aPolitics and government aHindustan Times